Prvé slovenské gymnázium v Revúcej : 1862-1874 : súpis literatúry /

Další autoři: Fedor, Michal, 1929-1994
Jazyk: Slovenština
Vydáno: Košice : Štátna vedecká knižnica v Košiciach, 1962
Edice: Bibliografické správy ŠVK v Košiciach
Fyzický popis: 70 s.
Knihy
Uloženo v:
LEADER 00825nam a22002172a 4500
001 001378950
003 CZ BrMZK
005 20140619143630.0
007 ta
008 140407s1962 xo er|||||||||||slo d
040 |a ABA004  |b cze  |c ABA004  |d ABA004  |d BOA001 
245 0 0 |a Prvé slovenské gymnázium v Revúcej :  |b 1862-1874 : súpis literatúry /  |c zostavil a úvod napísal Michal Fedor 
260 |a Košice :  |b Štátna vedecká knižnica v Košiciach,  |c 1962 
300 |a 70 s. 
490 1 |a Bibliografické správy ŠVK v Košiciach ;  |v č. 159 
700 1 |a Fedor, Michal,  |d 1929-1994  |7 ola2002150087  |4 com  |4 wfw 
830 0 |a Bibliografické správy ŠVK v Košiciach 
910 |a BOA001  |b 2-0480.360 
990 |a BK 
991 |b 201403 
996 7 |b 2619058388  |c 2-0480.360  |l MZK  |r Sklad / do 24 hodin  |n 0  |w 001414001  |u 000010  |a 1  |e BOA001  |j MZK50  |s A